000 002880000a22000970004500
245 1 0 _a"El crédito desbordado puede generar caos"
300 _aVol.0, núm.722 (30 Abril - 6 mayo, 2007), Páginas 36-37
500 _aEntrevista con Augusto Acosta Torres
773 0 _tCambio 16
942 _cANA
999 _c62107
_d62107